Sports Quiz

Random Sports or University Quiz
Score 0/20 Timer 07:00
1 Play Today
Hint Answer % Correct
Team ColorRed
92.4%
CityCincinnati
92.3%
NicknameBearcats
88.5%
ConferenceAAC
81.5%
StateOhio
71.9%
Team ColorBlack
71.1%
Sport w/ most NCAA ChampionshipsMen's Basketball (2)
63.1%
Basketball ArenaFifth Third Arena
53.9%
Athletic DirectorJohn Cunningham
43.9%
Famous Alum: PG Oscar ____Robertson
42.5%
Hint Answer % Correct
Fight SongCheer Cincy
39.4%
Fight SongRed and Black
37.4%
Football StadiumNippert Stadium
33.6%
Famous Alum: P ____ KoufaxSandy
33.5%
Primary RivalMiami
31.1%
Baseball StadiumMarge Schott Stadium
31%
No. of Men's Varsity Sports8
30.8%
No. of Women's Varsity Sports9
27%
Famous Alum: Tennis ____ TrabertTony
26.8%
Primary RivalXavier
19%
Remove Ads.
Support Sporcle.
Get the best of Sporcle when you Go Orange. This ad-free experience offers more features, more stats, and more fun while also helping to support Sporcle. Thank you for becoming a member.

You're not logged in!

Compare scores with friends on all Sporcle quizzes.
OR
Log In

Show Comments

Extras

Top Quizzes Today


Score Distribution

Your Account Isn't Verified!

In order to create a playlist on Sporcle, you need to verify the email address you used during registration. Go to your Sporcle Settings to finish the process.

Report this User

Report this user for behavior that violates our Community Guidelines.

Details: